Vincitori della Supercoppa Italiana - morte improvvisa - Statistics

Statistiche generali
  • Questo quiz è stato fatto 100 volte
  • Il punteggio medio è 7 su 9
Answers on the Grid
Answers color-coded by a green-red scale on the quiz's grid according to % correct below.
Juventus Torino
Atalanta
Milan
Lazio
Roma
Como
Lecce
Napoli
Torino
Genoa
Fiorentina
Sampdoria
Parma
Sassuolo Calcio
Inter Milano
Cremonese
Palermo
Juve Stabia
 
Statistiche sulle risposte
Risposta % Corretto
Juventus Torino
100%
Milan
100%
Roma
88%
Napoli
84%
Lazio
80%
Inter Milano
72%
Fiorentina
52%
Parma
40%
Sampdoria
40%
Nessun quiz corrispondente trovato
Distribuzione punteggi
Percentuale di utenti per punteggio
Percentile per numero di risposta
I tuoi punteggi nel tempo
Non hai fatto questo quiz